<?xml version="1.0" encoding="UTF-8"?>
<record
    xmlns:xsi="http://www.w3.org/2001/XMLSchema-instance"
    xsi:schemaLocation="http://www.loc.gov/MARC21/slim http://www.loc.gov/standards/marcxml/schema/MARC21slim.xsd"
    xmlns="http://www.loc.gov/MARC21/slim">

  <leader>01686naa a2200241 i 4500</leader>
  <controlfield tag="001">BPP</controlfield>
  <controlfield tag="003">BPK</controlfield>
  <controlfield tag="005">20160606135045.0</controlfield>
  <controlfield tag="008">151006s2004    pl     f     |000 0 pol</controlfield>
  <datafield tag="040" ind1=" " ind2=" ">
    <subfield code="c">BPK</subfield>
  </datafield>
  <datafield tag="080" ind1=" " ind2=" ">
    <subfield code="a">338.47::656.1/.7</subfield>
  </datafield>
  <datafield tag="100" ind1=" " ind2=" ">
    <subfield code="a">KO&#x141;ODZIEJCZYK, Bartosz.</subfield>
    <subfield code="d">1999 - .</subfield>
    <subfield code="b">Politechnika Koszali&#x144;ska - Wydzia&#x142; Ekonomii i Zarz&#x105;dzania,</subfield>
    <subfield code="c">Katedra Organizacji i Zarz&#x105;dzania</subfield>
  </datafield>
  <datafield tag="245" ind1=" " ind2=" ">
    <subfield code="a">Optymalizacja koszt&#xF3;w transportu i magazynowania - szansa dla ma&#x142;ych firm po&#x15B;rednicz&#x105;cych /</subfield>
    <subfield code="c">Bartosz Ko&#x142;odziejczyk, Mariusz Terebecki.</subfield>
  </datafield>
  <datafield tag="260" ind1=" " ind2=" ">
    <subfield code="c">2004.</subfield>
  </datafield>
  <datafield tag="500" ind1=" " ind2=" ">
    <subfield code="a">Dane z autopsji.</subfield>
  </datafield>
  <datafield tag="520" ind1=" " ind2=" ">
    <subfield code="a">Niejednokrotnie konieczne jest stosowanie w dzia&#x142;alno&#x15B;ci innowacyjnej r&#xF3;&#x17C;norodnych "zdobyczy nowoczesnych technologii informatycznych". Uwzgl&#x119;dniaj&#x105;c specyfik&#x119; MSP nale&#x17C;y pami&#x119;ta&#x107; o rozpocz&#x119;ciu wprowadzania innowacji od zagadnie&#x144; podstawowych, organizacyjnych. Stosowanie urz&#x105;dze&#x144; licz&#x105;cych w procesie podejmowania nowego definiowania dzia&#x142;alno&#x15B;ci i p&#xF3;&#x17A;niejszego podejmowania decyzji zar&#xF3;wno w wymiarze strategicznym, jak i bie&#x17C;&#x105;cym, stanowi ca&#x142;kowicie now&#x105; i interesuj&#x105;c&#x105; jako&#x15B;&#x107; w nowoczesnym zarz&#x105;dzaniu.</subfield>
  </datafield>
  <datafield tag="650" ind1=" " ind2="0">
    <subfield code="a">Logistyka.</subfield>
  </datafield>
  <datafield tag="650" ind1=" " ind2="0">
    <subfield code="a">Transport - koszty.</subfield>
  </datafield>
  <datafield tag="650" ind1=" " ind2=" ">
    <subfield code="a">Magazynowanie - koszty.</subfield>
  </datafield>
  <datafield tag="773" ind1=" " ind2=" ">
    <subfield code="i">W :</subfield>
    <subfield code="t">Teoria i praktyka modelowania system&#xF3;w logistycznych. -</subfield>
    <subfield code="d">Koszalin : Wydaw. Uczelniane Politechniki Koszali&#x144;skiej, 2004. -</subfield>
    <subfield code="g">s. 223-231</subfield>
    <subfield code="k">Monografia Wydzia&#x142;u Ekonomii i Zarz&#x105;dzania / Politechnika Koszali&#x144;ska ; nr 99</subfield>
  </datafield>
  <datafield tag="700" ind1=" " ind2=" ">
    <subfield code="a">TEREBECKI, Mariusz.</subfield>
    <subfield code="d">1996 - .</subfield>
    <subfield code="b">Politechnika Koszali&#x144;ska - Wydzia&#x142; Ekonomii i Zarz&#x105;dzania,</subfield>
    <subfield code="c">Katedra Metod Ilo&#x15B;ciowych - Zak&#x142;ad Ekonometrii </subfield>
  </datafield>
  <datafield tag="942" ind1=" " ind2=" ">
    <subfield code="c">ART</subfield>
    <subfield code="2">UKD</subfield>
  </datafield>
  <datafield tag="999" ind1=" " ind2=" ">
    <subfield code="c">585</subfield>
    <subfield code="d">585</subfield>
  </datafield>
</record>
